| Tag |
First Indicator |
Second Indicator |
Subfields |
| LEADER |
00000cam a2200000 a 4500 |
| 001 |
in00000932321 |
| 005 |
20150925120427.0 |
| 008 |
900205s1990 pauaf b 00110 eng |
| 010 |
|
|
|a 90010758
|
| 020 |
|
|
|a 0877227373
|
| 035 |
|
|
|a (OCoLC)21118655
|
| 035 |
|
|
|9 AER9458AM
|
| 040 |
|
|
|a DLC
|c DLC
|d TXA
|d UtOrBLW
|
| 043 |
|
|
|a e-uk---
|a e-uk-en
|
| 049 |
|
|
|a TXAM
|c [A13481076]
|
| 050 |
0 |
0 |
|a PR878.C513
|b R4 1990
|
| 082 |
0 |
0 |
|a 823/.8099282
|2 20
|
| 100 |
1 |
|
|a Reynolds, Kimberley.
|
| 245 |
1 |
0 |
|a Girls only? :
|b gender and popular children's fiction in Britain, 1880-1910 /
|c Kimberley Reynolds.
|
| 264 |
|
1 |
|a Philadelphia :
|b Temple University Press,
|c 1990.
|
| 300 |
|
|
|a xxi, 182 pages, 16 unnumbered pages of plates :
|b illustrations ;
|c 23 cm.
|
| 336 |
|
|
|a text
|b txt
|2 rdacontent
|
| 337 |
|
|
|a unmediated
|b n
|2 rdamedia
|
| 338 |
|
|
|a volume
|b nc
|2 rdacarrier
|
| 504 |
|
|
|a Includes bibliographical references (pages 170-178) and index.
|
| 650 |
|
0 |
|a Children's stories, English
|x History and criticism.
|
| 650 |
|
0 |
|a Girls
|z Great Britain
|x Books and reading
|x History.
|
| 650 |
|
0 |
|a Boys
|z Great Britain
|x Books and reading
|x History.
|
| 650 |
|
0 |
|a English fiction
|y 19th century
|x History and criticism.
|
| 650 |
|
0 |
|a English fiction
|y 20th century
|x History and criticism.
|
| 650 |
|
0 |
|a Popular literature
|z Great Britain
|x History and criticism.
|
| 650 |
|
0 |
|a Sex role in literature.
|
| 999 |
|
|
|a MARS
|
| 999 |
f |
f |
|s 65bd6019-5315-31d4-a211-ee8790a7c18b
|i a353b3e9-a939-3a77-ab15-757c1ee6a758
|t 0
|
| 952 |
f |
f |
|p normal
|a Texas A&M University
|b College Station
|c Sterling C. Evans Library
|d Evans: Library Stacks
|t 0
|e PR878.C513 R4 1990
|h Library of Congress classification
|i unmediated -- volume
|m A14813481076
|
| 998 |
f |
f |
|a PR878.C513 R4 1990
|t 0
|l Evans: Library Stacks
|